Драконовы сны: роман
| Autor principal: | |
|---|---|
| Sumari: | Есть город возле моря, где сходятся дороги. Есть мальчик и его ручной дракон. Есть старые друзья и новые враги. И есть еще странная игра, которая способна завязать узлом судьбу любого, кто окажется поблизости. И ничего не остается, кроме как признать, что тем, кто жаждет мира и покоя, всегда назначено Судьбой жить в «интересные времена». Причудливый, философский, грустный и насмешливый одновременно, второй роман о травнике Жуге, знакомом по книге «Осенний лис», завораживает своим отточенным слогом, мягким юмором и чередой узнаваемых образов. Не заигрывая, не глядя свысока, автор уведет вас на край Земли, а после приведет обратно (если захотите). Каков он, мир в преддверии перемен? Дмитрий Скирюк расскажет вам об этом! |
| Idioma: | rus |
| Publicat: |
СПб., Азбука-классика, 2004
|
| Col·lecció: | Правила боя |
| Matèries: | |
| Format: | Llibre |
| KOHA link: | https://koha.lib.tpu.ru/cgi-bin/koha/opac-detail.pl?biblionumber=84642 |
MARC
| LEADER | 00000nam0a2200000 4500 | ||
|---|---|---|---|
| 001 | 84642 | ||
| 005 | 20231031100657.0 | ||
| 010 | |a 5352007553 | ||
| 035 | |a (RuTPU)RU\TPU\book\90968 | ||
| 090 | |a 84642 | ||
| 100 | |a 20051102d2004 m y0rusy50 ca | ||
| 101 | 0 | |a rus | |
| 102 | |a RU | ||
| 105 | |a y z 000ay | ||
| 200 | 1 | |a Драконовы сны |e роман |f Д. Скирюк | |
| 210 | |a СПб. |c Азбука-классика |d 2004 | ||
| 215 | |a 640 с. | ||
| 225 | 1 | |a Правила боя | |
| 330 | |a Есть город возле моря, где сходятся дороги. Есть мальчик и его ручной дракон. Есть старые друзья и новые враги. И есть еще странная игра, которая способна завязать узлом судьбу любого, кто окажется поблизости. И ничего не остается, кроме как признать, что тем, кто жаждет мира и покоя, всегда назначено Судьбой жить в «интересные времена». Причудливый, философский, грустный и насмешливый одновременно, второй роман о травнике Жуге, знакомом по книге «Осенний лис», завораживает своим отточенным слогом, мягким юмором и чередой узнаваемых образов. Не заигрывая, не глядя свысока, автор уведет вас на край Земли, а после приведет обратно (если захотите). Каков он, мир в преддверии перемен? Дмитрий Скирюк расскажет вам об этом! | ||
| 610 | 1 | |a русская литература | |
| 610 | 1 | |a романы | |
| 610 | 1 | |a фантастика | |
| 675 | |a Р2 |v 3 | ||
| 700 | 1 | |a Скирюк |b Д. |g Дмитрий | |
| 801 | 1 | |a RU |b 63413507 |c 20051102 |g PSBO | |
| 801 | 2 | |a RU |b 63413507 |c 20060407 |g PSBO | |
| 942 | |c BK | ||
| 959 | |a 84/20051019 |d 1 |e 113,85 |f ХФ:1 | ||